<?xml version="1.0" encoding="UTF-8"?>
<record
    xmlns:xsi="http://www.w3.org/2001/XMLSchema-instance"
    xsi:schemaLocation="http://www.loc.gov/MARC21/slim http://www.loc.gov/standards/marcxml/schema/MARC21slim.xsd"
    xmlns="http://www.loc.gov/MARC21/slim">

  <leader>00548nam a22001337a 4500</leader>
  <datafield tag="040" ind1=" " ind2=" ">
    <subfield code="c">RUA</subfield>
  </datafield>
  <datafield tag="082" ind1=" " ind2=" ">
    <subfield code="a">GRS CHH 2015 B542 Or.1</subfield>
  </datafield>
  <datafield tag="100" ind1=" " ind2=" ">
    <subfield code="a">CHHEAN SAROM; &#x1788;&#x17B6;&#x1793; &#x179F;&#x17B6;&#x179A;&#x17BB;&#x17C6;</subfield>
  </datafield>
  <datafield tag="245" ind1=" " ind2=" ">
    <subfield code="a">Techical research quail egg with oil lamp. &#x1780;&#x17B6;&#x179A;&#x179F;&#x17B7;&#x1780;&#x17D2;&#x179F;&#x17B6;&#x179F;&#x17D2;&#x179A;&#x17B6;&#x179C;&#x1787;&#x17D2;&#x179A;&#x17B6;&#x179C;&#x1794;&#x1785;&#x17D2;&#x1785;&#x17C1;&#x1780;&#x1791;&#x17C1;&#x179F;&#x1797;&#x17D2;&#x1784;&#x17B6;&#x179F;&#x17CB;&#x179F;&#x17CA;&#x17BB;&#x178F;&#x1780;&#x17D2;&#x179A;&#x17BD;&#x1785;&#x178A;&#x17C4;&#x1799;&#x1794;&#x17D2;&#x179A;&#x17BE;&#x1785;&#x1784;&#x17D2;&#x1780;&#x17C0;&#x1784;&#x1794;&#x17D2;&#x179A;&#x17C1;&#x1784;&#x1780;&#x17B6;&#x178F;</subfield>
  </datafield>
  <datafield tag="260" ind1=" " ind2=" ">
    <subfield code="a">Phnom Penh</subfield>
    <subfield code="b">CHH</subfield>
    <subfield code="c">2015</subfield>
  </datafield>
  <datafield tag="300" ind1=" " ind2=" ">
    <subfield code="a">vii,28p.</subfield>
    <subfield code="b">ill.</subfield>
    <subfield code="c">29cm.</subfield>
  </datafield>
  <datafield tag="856" ind1=" " ind2=" ">
    <subfield code="u"> CHHEAN SAROM</subfield>
  </datafield>
  <datafield tag="942" ind1=" " ind2=" ">
    <subfield code="c">GRS</subfield>
  </datafield>
  <datafield tag="999" ind1=" " ind2=" ">
    <subfield code="c">11010</subfield>
    <subfield code="d">11010</subfield>
  </datafield>
  <datafield tag="952" ind1=" " ind2=" ">
    <subfield code="0">0</subfield>
    <subfield code="1">0</subfield>
    <subfield code="2">ddc</subfield>
    <subfield code="4">0</subfield>
    <subfield code="6">GRS_CHH_2015_000000000000000_B542_OR_1</subfield>
    <subfield code="7">0</subfield>
    <subfield code="9">58204</subfield>
    <subfield code="a">LBB</subfield>
    <subfield code="b">LBB</subfield>
    <subfield code="c">B543</subfield>
    <subfield code="d">2016-11-30</subfield>
    <subfield code="o">GRS CHH 2015 B542 Or.1</subfield>
    <subfield code="p">A05341</subfield>
    <subfield code="r">2016-11-30</subfield>
    <subfield code="w">2016-11-30</subfield>
    <subfield code="y">GRS</subfield>
  </datafield>
  <datafield tag="952" ind1=" " ind2=" ">
    <subfield code="0">0</subfield>
    <subfield code="1">0</subfield>
    <subfield code="2">ddc</subfield>
    <subfield code="4">0</subfield>
    <subfield code="6">GRS_CHH_2015_000000000000000_B542_OR_2</subfield>
    <subfield code="7">0</subfield>
    <subfield code="9">58308</subfield>
    <subfield code="a">LBB</subfield>
    <subfield code="b">LBB</subfield>
    <subfield code="c">B542</subfield>
    <subfield code="d">2016-11-30</subfield>
    <subfield code="l">2</subfield>
    <subfield code="o">GRS CHH 2015 B542 Or.2</subfield>
    <subfield code="p">A05196</subfield>
    <subfield code="r">2017-02-10</subfield>
    <subfield code="s">2017-02-10</subfield>
    <subfield code="w">2016-11-30</subfield>
    <subfield code="y">GRS</subfield>
  </datafield>
  <datafield tag="952" ind1=" " ind2=" ">
    <subfield code="0">0</subfield>
    <subfield code="1">0</subfield>
    <subfield code="2">ddc</subfield>
    <subfield code="4">0</subfield>
    <subfield code="6">GRS_CHH_2015_000000000000000_B542_OR_3</subfield>
    <subfield code="7">0</subfield>
    <subfield code="9">58309</subfield>
    <subfield code="a">LBB</subfield>
    <subfield code="b">LBB</subfield>
    <subfield code="c">B542</subfield>
    <subfield code="d">2016-11-30</subfield>
    <subfield code="o">GRS CHH 2015 B542 Or.3</subfield>
    <subfield code="p">A03287</subfield>
    <subfield code="r">2016-11-30</subfield>
    <subfield code="w">2016-11-30</subfield>
    <subfield code="y">GRS</subfield>
  </datafield>
  <datafield tag="952" ind1=" " ind2=" ">
    <subfield code="0">0</subfield>
    <subfield code="1">0</subfield>
    <subfield code="2">ddc</subfield>
    <subfield code="4">0</subfield>
    <subfield code="6">GRS_CHH_2015_000000000000000_B542_OR_4</subfield>
    <subfield code="7">0</subfield>
    <subfield code="9">58310</subfield>
    <subfield code="a">LBB</subfield>
    <subfield code="b">LBB</subfield>
    <subfield code="c">B542</subfield>
    <subfield code="d">2016-11-30</subfield>
    <subfield code="o">GRS CHH 2015 B542 Or.4</subfield>
    <subfield code="p">A03987</subfield>
    <subfield code="r">2016-11-30</subfield>
    <subfield code="w">2016-11-30</subfield>
    <subfield code="y">GRS</subfield>
  </datafield>
  <datafield tag="952" ind1=" " ind2=" ">
    <subfield code="0">0</subfield>
    <subfield code="1">0</subfield>
    <subfield code="2">ddc</subfield>
    <subfield code="4">0</subfield>
    <subfield code="6">GRS_CHH_2015_000000000000000_B542_OR_5</subfield>
    <subfield code="7">0</subfield>
    <subfield code="9">58311</subfield>
    <subfield code="a">LBB</subfield>
    <subfield code="b">LBB</subfield>
    <subfield code="c">B542</subfield>
    <subfield code="d">2016-11-30</subfield>
    <subfield code="o">GRS CHH 2015 B542 Or.5</subfield>
    <subfield code="p">A03317</subfield>
    <subfield code="r">2016-11-30</subfield>
    <subfield code="w">2016-11-30</subfield>
    <subfield code="y">GRS</subfield>
  </datafield>
  <datafield tag="952" ind1=" " ind2=" ">
    <subfield code="0">0</subfield>
    <subfield code="1">0</subfield>
    <subfield code="2">ddc</subfield>
    <subfield code="4">0</subfield>
    <subfield code="6">GRS_CHH_2015_000000000000000_B542_OR_6</subfield>
    <subfield code="7">0</subfield>
    <subfield code="9">58312</subfield>
    <subfield code="a">LBB</subfield>
    <subfield code="b">LBB</subfield>
    <subfield code="c">B542</subfield>
    <subfield code="d">2016-11-30</subfield>
    <subfield code="o">GRS CHH 2015 B542 Or.6</subfield>
    <subfield code="p">A03261</subfield>
    <subfield code="r">2016-11-30</subfield>
    <subfield code="w">2016-11-30</subfield>
    <subfield code="y">GRS</subfield>
  </datafield>
  <datafield tag="952" ind1=" " ind2=" ">
    <subfield code="0">0</subfield>
    <subfield code="1">0</subfield>
    <subfield code="2">ddc</subfield>
    <subfield code="4">0</subfield>
    <subfield code="6">GRS_CHH_2015_000000000000000_B542_OR_7</subfield>
    <subfield code="7">0</subfield>
    <subfield code="9">58313</subfield>
    <subfield code="a">LBB</subfield>
    <subfield code="b">LBB</subfield>
    <subfield code="c">B542</subfield>
    <subfield code="d">2016-11-30</subfield>
    <subfield code="o">GRS CHH 2015 B542 Or.7</subfield>
    <subfield code="p">A03958</subfield>
    <subfield code="r">2016-11-30</subfield>
    <subfield code="w">2016-11-30</subfield>
    <subfield code="y">GRS</subfield>
  </datafield>
</record>
